Зелені тіні,Білий Кит (Запис № 17762)

000 -Маркер запису
Контрольне поле сталої довжини 02683nam a22002537a 4500
003 - Належність контрольного номера
Контрольне поле Uzh_bibl
008 - Кодовані дані
Контрольне поле сталої довжини 260514b |||||||| |||| 00| 0 ukr d
020 ## - Індекс ISBN
ISBN 978-966-10-5977-0
Ціна 141.75
040 ## - Джерело каталогіз.
Код мови каталог. укр.
041 ## - Код мови видання
Код мови оригіналу англійська
Код мови тексту українська
080 ## - Індекс УДК
Індекс УДК 821(73)
090 ## - Шифри
Поличний індекс 821(73)
Авторський знак Б 87
100 ## - Автор
Автор Бредбері,Рей
245 ## - Назва
Назва Зелені тіні,Білий Кит
Відповідальність пер. з англ.Ю.Вітяка
Фізичний носій Текст
260 ## - Вихідні дані
Місце видання Тернопіль
Видавництво Навчальна книга-Богдан
Дата видання 2019
300 ## - Фізичний опис
Обсяг 352 с.
Тип одиниці В опр.
520 ## - Анотація
Анотація Оксамитова зелень, запони туману, що чергуються із повсякденним дощем — це звичний антураж ірландського краю, про який не до снаги було не написати й Рею Бредбері. Утім, роман далеко не про пейзажі. Кожна декорація намертво прикріплена до тамтешніх обивателів; за непримітною, здавалося б, побутовою балачкою, а то й безмовною мізансценою, криється життя народу, на котрий автор впритул поглипує, прислухаючись до його серцебиття.<br/><br/>«Зелені тіні, Білий Кит» належить до автобіографічних творів. У ньому йдеться про враження письменника від Ірландії, куди той приїхав, аби створити сценарій для кінокартини про легендарного Мобі Діка. Тут ви не натрапите на фантастику, однак отримаєте колосальну втіху від комічних епізодів, поринете у роздуми під впливом екзистенційних реплік, краєм ока побачите видатні мистецькі полотна, пуститесь в історичний екскурс, здивуєтесь, вгамуєтесь, запрагнете і руху, і непорушності. А заразом, сподіваємось, відчуєте любов до ірландців, у якій переконливо зізнався сам автор.
521 ## - Примітка про цільове призначення
Примітка про цільове призначення Для широкого кола читачів
546 ## - Примітка про мову
Примітка про мову укр.
650 ## - Тематичні рубрики
Основна рубрика Літературно-художнє видання
653 ## - Ключові слова
Ключові слова Ірландський край
-- Любов
655 ## - Термін індексування — жанр/форма
Жанр/форма Проза
Типове ділення Роман
942 ## - ADDED ENTRY ELEMENTS (KOHA)
Джерело класифікації чи схема поличного розташування
Koha item type Книги
Фонди
Статус вилучення Статус втрати/відсутності Джерело класифікації чи схема поличного розташування Статус пошкодження Тип обігу (не для випозичання) Постійне розташування Поточне розташування Розташування у відділі Дата надходження Інвентарний номер Total Checkouts Повний (примірниковий) шифр зберігання Штрих-код Date last seen Дата, для якої чинна ціна заміни Тип одиниці (рівень примірника)
          Бібліотека-філія №3 Бібліотека-філія №3 Абонемент старший відділ 14/05/2026 72384   821(73) 4223 14/05/2026 14/05/2026 Книги

Працює на АБІС Коха